Ordres de grandeur : biomasse - Statistiques

Statistiques générales
  • Ce quiz a été pris 11 fois
    9 depuis la dernière actualisation
  • Le résultat moyen est 3 sur 6
Statistiques - réponses
Descriptif Valeur numérique Unité % Correct
Part de la métropole couverte de forêts 31 %
100%
Consommation primaire de biomasse solide en 2021 130 TWh
50%
Taille de la forêt française métropolitaine 17 millions d'hectares
50%
Pouvoir calorifique inférieur (PCI) du bois 4 kWh/kg
50%
Part de la biomasse solide dans la consommation primaire totale française 5 %
50%
Part de la production de chaleur dans l'utilisation de la biomasse solide 92 %
25%
Aucun quiz correspondant
Distribution des résultats
% des personnes avec chaque résultat
Percentile par nombre de réponses
Votre historique - résultats
Vous n’avez pas pris ce quiz depuis la dernière actualisation